000 00368nam a22001577a 4500
003 MPLRDC
005 20220104124149.0
008 210129b ||||| |||| 00| 0 eng d
082 _a856.8 SZ
100 _a不详
245 _a中国民间寓言
_c
260 _a
_b世界出版社
_c
300 _b
650 _a函牍及杂著--寓言
942 _cBK
_o856.8 SZ
999 _c17139
_d17129